Vector mechanics for engineers (Record no. 4856)

000 -LEADER
fixed length control field 00594nam a2200217 a 4500
001 - CONTROL NUMBER
control field 4856
003 - CONTROL NUMBER IDENTIFIER
control field BD-DhUET
008 - FIXED-LENGTH DATA ELEMENTS--GENERAL INFORMATION
fixed length control field 840307s1984 nyua 001 0 eng
020 ## - INTERNATIONAL STANDARD BOOK NUMBER
International Standard Book Number 0070044384
040 ## - CATALOGING SOURCE
Original cataloging agency DLC
Transcribing agency DLC
Modifying agency BD-DhUET
082 00 - DEWEY DECIMAL CLASSIFICATION NUMBER
Classification number 620.1
Item number BEE/1984
100 ## - MAIN ENTRY--PERSONAL NAME
Personal name Beer, Ferdinand P.
245 10 - TITLE STATEMENT
Title Vector mechanics for engineers
Remainder of title statics and dynamics
250 ## - EDITION STATEMENT
Edition statement 4th ed.
260 ## - PUBLICATION, DISTRIBUTION, ETC. (IMPRINT)
Place of publication, distribution, etc. New York
Name of publisher, distributor, etc. McGraw-Hill
Date of publication, distribution, etc. 1984
300 ## - PHYSICAL DESCRIPTION
Extent xxi, 926 p.
Other physical details ill.
Dimensions 24 cm.
504 ## - BIBLIOGRAPHY, ETC. NOTE
Bibliography, etc Includes bibliographies
650 #0 - SUBJECT ADDED ENTRY--TOPICAL TERM
Topical term or geographic name as entry element Engineering instruments
700 1# - ADDED ENTRY--PERSONAL NAME
Personal name Johnston, E. Russell
942 ## - ADDED ENTRY ELEMENTS (KOHA)
Koha item type General Book
Holdings
Price effective from Sublocation or collection (holding branch) Shelving location Source of classification or shelving scheme Koha normalized classification for sorting Withdrawn status Copy number Koha item type Location (home branch) Koha date last seen Piece designation (barcode) Damaged status Lost status Not for loan Koha issues (times borrowed) Koha date last borrowed Koha full call number Date acquired
2014-11-23Central Library, BUETCirculation section 620_100000000000000_BEE_1984 1General BookCentral Library, BUET2015-12-0866051     620.1/BEE/19842014-11-23
2014-11-24Central Library, BUETCirculation section 620_000000000000000_1BEE1984 1General BookCentral Library, BUET2022-06-2066042   22022-06-12620.1/BEE/19842014-11-24
2014-11-29Central Library, BUETCirculation section 620_100000000000000_BEE_1984 1General BookCentral Library, BUET2023-06-0766086   42023-01-10620.1/BEE/19842014-11-29
2014-12-11Central Library, BUETCirculation section 620_100000000000000_BEE_1984 49General BookCentral Library, BUET2025-05-2866044   12025-04-30620.1 /BEE/19842014-12-11
2014-12-11Central Library, BUETCirculation section 620_100000000000000_BEE_1984 1General BookCentral Library, BUET2015-02-2366012     620.1/BEE/19842014-12-11
2015-01-19Central Library, BUETCirculation section 620_100000000000000_BEE_1984 6General BookCentral Library, BUET2015-12-2266043     620.1/BEE/19842015-01-19
2015-02-16Central Library, BUETCirculation section 620_100000000000000_BEE_1984 7General BookCentral Library, BUET2022-12-1381336   12022-11-21620.1/BEE/19842015-02-16
2015-04-01Central Library, BUETCirculation section 620_100000000000000_BEE_1984 1General BookCentral Library, BUET2018-04-3066048   12018-04-18620.1/BEE/19842015-04-01
2015-06-21Central Library, BUETReading section 620_100000000000000_BEE_1984 9Reading ItemCentral Library, BUET2015-06-2166015     620.1/BEE/19842015-06-21
2015-06-22Central Library, BUETReading section 620_100000000000000_BEE_1984 10General BookCentral Library, BUET2015-06-2266014     620.1/BEE/19842015-06-22
2015-06-22Central Library, BUETReading section 620_100000000000000_BEE_1984 11General BookCentral Library, BUET2015-06-2266013     620.1/BEE/19842015-06-22
2015-06-29Central Library, BUETReading section 620_010000000000000_BEE_1984 12Reading ItemCentral Library, BUET2015-06-2966095     620.01/BEE/19842015-06-29
2015-07-28Central Library, BUETCirculation section 620_100000000000000_BEE_1984 13General BookCentral Library, BUET2015-07-2875502     620.1/BEE/19842015-07-28